| 000 | 00774cab a2200241 4500 | ||
|---|---|---|---|
| 001 | WB2818-47 | ||
| 008 | 090401t1992 xxu||||| |||| 00| 0 eng d | ||
| 035 | _a(Sirsi) u810 | ||
| 041 | _aeng | ||
| 245 | _aRICS response to Queen`s Speech | ||
| 260 | _c1992 | ||
| 350 | _a0 | ||
| 490 |
_aRICS Press Release _v(57/92) 6 May 1992, (3) |
||
| 520 | _aSummarises the RICS response to proposals in the Queen`s Speech including the Urban Regeneration Agency, the right for leaseholders to buy their leases and coal industry privatisation measures. | ||
| 650 | _aCOAL INDUSTRY | ||
| 650 | _aLEASEHOLDERS | ||
| 650 | _aPRIVATISATION | ||
| 650 | _aRIGHT TO BUY LEASES | ||
| 650 | _aURBAN REGENERATION AGENCY | ||
| 690 | _aURBAN RENEWAL | ||
| 942 | _n0 | ||
| 948 | _c04/03/1997 | ||
| 999 |
_c442 _d442 |
||